A guide to the dangerous marine animals of Singapore
| Main Author: | |
|---|---|
| Format: | Book |
| Published: |
Singapore :
Singapore Science Centre ,
1993
|
| Subjects: |
MARC
| LEADER | 00000cam a2200000 7i4500 | ||
|---|---|---|---|
| 001 | 0000000185 | ||
| 005 | 20000718.0 | ||
| 020 | 0 | 0 | |a 9971883589 |
| 090 | 0 | 0 | |a 591.095957 |b CHO 1993 |
| 100 | 1 | 0 | |a CHOU |h Loke Ming |
| 245 | 1 | 2 | |a A guide to the dangerous marine animals of Singapore |c Dr Chou Loke Ming |
| 260 | 0 | 0 | |a Singapore : |b Singapore Science Centre , |c 1993 |
| 300 | |a 160p. : |b col. ill. ; |c 16 cm. | ||
| 650 | 0 | 0 | |a Dangerous animals |z Singapore |
| 999 | |a 0000001104 |b Monograph |c Open Shelf |e Default branch | ||